[Event "Match Venezia-Tallin"]
[Site "Venezia ITA"]
[Date "1989.05.??"]
[Round "1"]
[White "Iym, Tonu"]
[Black "Pastres, Roberto"]
[WhiteElo "2405"]
[BlackElo "2025"]
[Result "1-0"]
[PlyCount "39"]
[EventDate "1989.05.01"]

1. e4 e5 2. Nf3 Nc6 3. Bb5 a6 4. Ba4 d6 5. Bxc6+ bxc6 6. d4 exd4 7. Nxd4 c5 8.
Nf3 Bb7 9. Nc3 Nf6 10. O-O Be7 11. Re1 O-O 12. Bg5 Re8 13. e5 Ng4 14. Bf4 dxe5
15. Nxe5 Nxe5 16. Rxe5 Bd6 17. Rxe8+ Qxe8 18. Bxd6 Rd8 19. Bxc7 Rd4 20. Qe1 1-0

[Event "Match Venezia-Tallin"]
[Site "Venezia ITA"]
[Date "1989.05.??"]
[Round "1"]
[White "Karner, Hillar"]
[Black "Castagnetta, Gianluca"]
[WhiteElo "2365"]
[BlackElo "2295"]
[Result "1/2-1/2"]
[PlyCount "92"]
[EventDate "1989.05.01"]

1. d4 d5 2. c4 e6 3. Nf3 c6 4. g3 Nf6 5. Bg2 Be7 6. O-O O-O 7. Nc3 Nbd7 8. Bf4
b6 9. Qa4 Bb7 10. Rad1 dxc4 11. Qxc4 b5 12. Qb3 a6 13. e4 Qb6 14. e5 Nd5 15.
Nxd5 cxd5 16. Bg5 Bxg5 17. Nxg5 h6 18. Nf3 Rac8 19. Rfe1 a5 20. Qe3 b4 21. Rc1
Rxc1 22. Rxc1 Rc8 23. Rxc8+ Bxc8 24. Bf1 Ba6 25. Bxa6 Qxa6 26. b3 a4 27. bxa4
Qxa4 28. Qb3 Qxb3 29. axb3 Nb8 30. Kf1 Nc6 31. Ke2 f6 32. Ke3 Kf7 33. h3 Ke7
34. h4 h5 35. exf6+ gxf6 36. Ne1 e5 37. dxe5 fxe5 38. Nd3 Kf6 39. f3 Kf5 40.
Nf2 Nd4 41. g4+ Ke6 42. gxh5 Nxb3 43. h6 Kf7 44. Nd3 e4 45. fxe4 dxe4 46. Nxb4
Kg6 1/2-1/2

[Event "Match Venezia-Tallin"]
[Site "Venezia ITA"]
[Date "1989.05.??"]
[Round "1"]
[White "Pokhla, Garry A."]
[Black "Fabris, Alberto"]
[WhiteElo "2320"]
[BlackElo "2075"]
[Result "0-1"]
[PlyCount "125"]
[EventDate "1989.05.01"]

1. d4 Nf6 2. c4 g6 3. Nc3 Bg7 4. e4 d6 5. h3 O-O 6. Nf3 e5 7. d5 Nh5 8. Nh2 Qe8
9. Nb5 Na6 10. g3 f5 11. Bg2 Qf7 12. Qe2 Nc5 13. Nc3 a6 14. O-O Nf6 15. b4
Ncxe4 16. Bxe4 Nxe4 17. Nxe4 fxe4 18. g4 b5 19. Be3 Bd7 20. Rfd1 Qe7 21. c5
Rae8 22. Kg2 Qh4 23. Rh1 Rf7 24. Nf1 Ref8 25. Ng3 Bh6 26. Nxe4 Bxe3 27. Qxe3
Rf4 28. f3 Rxf3 29. Qxf3 Rxf3 30. Kxf3 h5 31. Rag1 Bf5 32. cxd6 Bxe4+ 33. Kxe4
cxd6 34. Kd3 Kh7 35. Rh2 Qg5 36. Rf2 e4+ 37. Kxe4 Qe5+ 38. Kf3 Qxd5+ 39. Kg3
Qe5+ 40. Kg2 h4 41. Rf3 Qb2+ 42. Rf2 Qxb4 43. Rf7+ Kg8 44. Rgf1 Qe4+ 45. R7f3
d5 46. R1f2 d4 47. Rd2 a5 48. Kf2 Kg7 49. a3 b4 50. axb4 axb4 51. Rdd3 Qe5 52.
Kg2 Qc5 53. Kg1 b3 54. Rxb3 d3+ 55. Rf2 Qe3 56. Rbb2 Qxh3 57. Rg2 Qe3+ 58. Kh2
Kf6 59. g5+ Ke6 60. Ra2 Kd7 61. Rab2 Kc6 62. Ra2 h3 63. Rgf2 0-1

[Event "Match Venezia-Tallin"]
[Site "Venezia ITA"]
[Date "1989.05.??"]
[Round "1"]
[White "Rosino, Antonio"]
[Black "Veingold, Aleksandr"]
[WhiteElo "2320"]
[BlackElo "2435"]
[Result "1/2-1/2"]
[PlyCount "129"]
[EventDate "1989.05.01"]

1. e4 c5 2. c3 d5 3. exd5 Qxd5 4. d4 Nf6 5. Nf3 e6 6. Na3 Nc6 7. Nb5 Qd8 8.
dxc5 Bxc5 9. Qxd8+ Kxd8 10. Bg5 a6 11. Rd1+ Ke7 12. Nbd4 Nxd4 13. Nxd4 Rd8 14.
Be2 h6 15. Be3 Ba7 16. c4 e5 17. Nc2 Rxd1+ 18. Bxd1 Be6 19. Bxa7 Rxa7 20. Ne3
b6 21. O-O Rd7 22. Bc2 Ng4 23. Nxg4 Bxg4 24. f3 Be6 25. b3 Rd4 26. Rf2 Kd6 27.
Re2 f6 28. Kf2 Kc5 29. a3 a5 30. Ke1 g5 31. Re3 h5 32. g3 Bd7 33. Bg6 h4 34.
Bd3 hxg3 35. hxg3 g4 36. Be2 gxf3 37. Bxf3 a4 38. Bd5 axb3 39. Rxb3 Rg4 40. Bf7
Rg7 41. Bh5 Rh7 42. Be2 Rh2 43. Rd3 Be6 44. Rd8 Rg2 45. Rf8 f5 46. Re8 Kd6 47.
Rb8 Kc7 48. Re8 Kd7 49. Rb8 Rxg3 50. Rxb6 Rxa3 51. c5 Rc3 52. Bb5+ Ke7 53. Rb7+
Kf6 54. Rb6 Ke7 55. Rb7+ Kd8 56. c6 Rb3 57. Kd2 f4 58. Rb8+ Kc7 59. Re8 Rxb5
60. Rxe6 Kb6 61. Ke2 Rb2+ 62. Kf3 Rb3+ 63. Kf2 Rb5 64. Ke2 Rc5 65. Kf2 1/2-1/2

[Event "Match Venezia-Tallin"]
[Site "Venezia ITA"]
[Date "1989.05.??"]
[Round "1"]
[White "Santolini, Luigi"]
[Black "Luik, Helmuth"]
[WhiteElo "2235"]
[BlackElo "2345"]
[Result "0-1"]
[PlyCount "128"]
[EventDate "1989.05.01"]

1. d4 Nf6 2. c4 e6 3. Nf3 b6 4. e3 Bb7 5. Bd3 Bb4+ 6. Nbd2 O-O 7. O-O Bxd2 8.
Nxd2 c5 9. b3 d6 10. Bb2 Nbd7 11. Qc2 Rc8 12. Rad1 Qe7 13. f3 Rfe8 14. Ne4 Bxe4
15. Bxe4 Nxe4 16. Qxe4 Nf6 17. Qh4 e5 18. dxe5 dxe5 19. Rd2 Rcd8 20. Rfd1 Rxd2
21. Rxd2 h6 22. Qf2 Kf8 23. Rd1 Nd7 24. Qd2 Nb8 25. Qd5 f6 26. Qd6 Qxd6 27.
Rxd6 Ke7 28. Rd2 Nc6 29. Kf2 a5 30. a4 Rd8 31. Rxd8 Kxd8 32. g4 Ke7 33. Ke2 Ke6
34. Kd3 g6 35. Bc3 f5 36. h3 h5 37. Be1 e4+ 38. fxe4 fxg4 39. hxg4 Ne5+ 40. Ke2
Nxg4 41. Bh4 Ne5 42. Bd8 Nd7 43. Kf3 Ne5+ 44. Ke2 Nc6 45. Bxb6 Kd6 46. Kf3 g5
47. Kg3 Ke5 48. Bxc5 Kxe4 49. Bb6 h4+ 50. Kf2 g4 51. Kg2 Kd3 52. Kf2 Kc3 53. e4
Kxb3 54. e5 Kxa4 55. e6 Kb4 56. Bd8 h3 57. Kg3 a4 58. Bc7 Kxc4 59. Kxg4 Kd5 60.
Kxh3 a3 61. Ba5 Kxe6 62. Bc3 Kd5 63. Kg3 Kc4 64. Ba1 Kd3 0-1

[Event "Match Venezia-Tallin"]
[Site "Venezia ITA"]
[Date "1989.05.??"]
[Round "2"]
[White "Castagnetta, Gianluca"]
[Black "Veingold, Aleksandr"]
[WhiteElo "2295"]
[BlackElo "2435"]
[Result "0-1"]
[PlyCount "47"]
[EventDate "1989.05.01"]

1. d4 Nf6 2. Nf3 e6 3. g3 d5 4. Bg2 Be7 5. O-O O-O 6. c4 b6 7. Qc2 Bb7 8. Nc3
Na6 9. a3 c5 10. Rd1 Qc8 11. cxd5 exd5 12. Bf4 Re8 13. Be5 Ne4 14. e3 Nxc3 15.
bxc3 f6 16. Bf4 g5 17. h4 gxf4 18. gxf4 Kh8 19. Kh2 Qg4 20. Qe2 Bd6 21. Rg1
Qxf4+ 22. Kh1 Nc7 23. Bh3 Ba6 24. Ne5 0-1

[Event "Match Venezia-Tallin"]
[Site "Venezia ITA"]
[Date "1989.05.??"]
[Round "2"]
[White "Fabris, Alberto"]
[Black "Kiik, Kalle"]
[WhiteElo "2075"]
[BlackElo "2395"]
[Result "1/2-1/2"]
[PlyCount "55"]
[EventDate "1989.05.01"]

1. d4 Nf6 2. c4 e6 3. Nc3 Bb4 4. Nf3 O-O 5. g3 c5 6. Bg2 Nc6 7. O-O Bxc3 8.
bxc3 d6 9. Bg5 h6 10. Bxf6 Qxf6 11. e3 e5 12. Nd2 Qe7 13. Re1 Bf5 14. Ne4 Rad8
15. f4 Na5 16. Nd2 Be6 17. Qe2 Rfe8 18. fxe5 dxe5 19. d5 Bf5 20. Rf1 Bh7 21.
Be4 Rf8 22. Bxh7+ Kxh7 23. Nb3 Nxb3 24. axb3 a6 25. e4 Rd6 26. Qe3 Rc8 27. Rf5
g6 28. Rf2 1/2-1/2

[Event "Match Venezia-Tallin"]
[Site "Venezia ITA"]
[Date "1989.05.??"]
[Round "2"]
[White "Iym, Tonu"]
[Black "Santolini, Luigi"]
[WhiteElo "2405"]
[BlackElo "2235"]
[Result "1/2-1/2"]
[PlyCount "65"]
[EventDate "1989.05.01"]

1. e4 c6 2. d4 d5 3. exd5 cxd5 4. Bd3 g6 5. c3 Bg7 6. Bf4 Nc6 7. h3 f6 8. Bh2
e5 9. Ne2 Nge7 10. O-O O-O 11. Nd2 Bf5 12. Nb3 Bxd3 13. Qxd3 b6 14. a4 Nf5 15.
Rfd1 e4 16. Qb5 Nce7 17. a5 Qe8 18. Qxe8 Rfxe8 19. Ra2 Bf8 20. axb6 axb6 21.
Rda1 Rxa2 22. Rxa2 g5 23. Nd2 Nc8 24. Nf1 h5 25. Ra8 h4 26. Rb8 Kf7 27. Bc7 Bd6
28. Bxd6 Nfxd6 29. Ne3 Ke6 30. f4 exf3 31. gxf3 Re7 32. Ra8 Ra7 33. Rxa7
1/2-1/2

[Event "Match Venezia-Tallin"]
[Site "Venezia ITA"]
[Date "1989.05.??"]
[Round "2"]
[White "Karner, Hillar"]
[Black "Rosino, Antonio"]
[WhiteElo "2365"]
[BlackElo "2320"]
[Result "1/2-1/2"]
[PlyCount "72"]
[EventDate "1989.05.01"]

1. e4 e5 2. Nf3 Nc6 3. Bc4 Bc5 4. c3 Nf6 5. d3 a6 6. O-O d6 7. h3 Ba7 8. Bb3 h6
9. Nbd2 O-O 10. Re1 Re8 11. Nf1 Be6 12. Ng3 d5 13. Qe2 Qd7 14. Be3 d4 15. cxd4
Nxd4 16. Bxd4 Bxd4 17. Bxe6 fxe6 18. Rac1 Rf8 19. Nxd4 exd4 20. Qc2 Rf7 21. Qc5
Rd8 22. Re2 Qb5 23. Rc4 Qxc5 24. Rxc5 c6 25. Rc4 e5 26. a4 g6 27. b4 Nd7 28.
Ra2 a5 29. bxa5 Ra8 30. Ne2 Rxa5 31. f4 c5 32. g3 Nb6 33. Rc1 Rxa4 34. Rb2 Nd7
35. Rxb7 Ra3 36. Rd1 Ra2 1/2-1/2

[Event "Match Venezia-Tallin"]
[Site "Venezia ITA"]
[Date "1989.05.??"]
[Round "2"]
[White "Pokhla, Garry A."]
[Black "Redo, Nicola"]
[WhiteElo "2320"]
[BlackElo "1935"]
[Result "1-0"]
[PlyCount "153"]
[EventDate "1989.05.01"]

1. d4 Nf6 2. c4 g6 3. Nc3 Bg7 4. e4 d6 5. Nf3 O-O 6. Be3 e5 7. d5 Nh5 8. Nd2
Qe8 9. Qc2 f5 10. f3 a5 11. c5 Na6 12. cxd6 cxd6 13. Bb5 Qe7 14. Nc4 fxe4 15.
Nxe4 Bf5 16. Nb6 Nb4 17. Qb1 Qh4+ 18. Bf2 Bxe4 19. Bxh4 Bxb1 20. Rxb1 Nf4 21.
O-O Rad8 22. Bxd8 Rxd8 23. g3 Nh5 24. Kg2 Bh6 25. Rfd1 Ng7 26. g4 Nxa2 27. Ra1
Nb4 28. Rxa5 Nc2 29. Rb1 Be3 30. Nc4 Bc5 31. Ba4 Nb4 32. Rd1 b6 33. Rb5 Ra8 34.
Bb3 Ra6 35. Na3 Ne8 36. Nc2 Nxc2 37. Bxc2 Ra2 38. Rb3 Nc7 39. Be4 Na6 40. Kg3
Nb4 41. h4 Kg7 42. Rb1 Ra5 43. Ra3 Na6 44. Rxa5 bxa5 45. Ra1 Bb4 46. Rd1 Nc5
47. Bc2 Nd7 48. Be4 h6 49. f4 exf4+ 50. Kxf4 Kf6 51. h5 g5+ 52. Kg3 Ne5 53. Bd3
Ke7 54. Be2 Nd7 55. Kf3 Nf6 56. Bb5 Kf7 57. Bc6 Bc5 58. Re1 Bd4 59. Ra1 Bb6 60.
Ra4 Ng8 61. Bd7 Kf6 62. Re4 Bc5 63. Re6+ Kf7 64. Rg6 Ne7 65. Be6+ Kf8 66. Rf6+
Ke8 67. b3 Bd4 68. Rxh6 Be5 69. Ke4 Kf8 70. Bf5 Ng8 71. Re6 Nf6+ 72. Kd3 Nxd5
73. Kc4 Nc7 74. Rg6 Ne8 75. Rxg5 Bh8 76. Bc8 Nf6 77. h6 1-0

[Event "Match Venezia-Tallin"]
[Site "Venezia ITA"]
[Date "1989.05.??"]
[Round "3"]
[White "Fabris, Alberto"]
[Black "Iym, Tonu"]
[WhiteElo "2075"]
[BlackElo "2405"]
[Result "1/2-1/2"]
[PlyCount "26"]
[EventDate "1989.05.01"]

1. d4 Nf6 2. c4 e6 3. Nc3 d5 4. cxd5 exd5 5. Bg5 Be7 6. e3 Nbd7 7. Bd3 O-O 8.
Nf3 Re8 9. Qc2 c6 10. O-O-O Nf8 11. Ne5 N6d7 12. Bxe7 Qxe7 13. Nxd7 Bxd7
1/2-1/2

[Event "Match Venezia-Tallin"]
[Site "Venezia ITA"]
[Date "1989.05.??"]
[Round "3"]
[White "Kiik, Kalle"]
[Black "Pastres, Roberto"]
[WhiteElo "2395"]
[BlackElo "2025"]
[Result "1/2-1/2"]
[PlyCount "23"]
[EventDate "1989.05.01"]

1. e4 e5 2. Nf3 Nc6 3. Bc4 Nf6 4. d4 exd4 5. e5 d5 6. Bb5 Ne4 7. Nxd4 Bc5 8.
O-O O-O 9. Bxc6 bxc6 10. f3 f6 11. exf6 Qxf6 12. Be3 1/2-1/2

[Event "Match Venezia-Tallin"]
[Site "Venezia ITA"]
[Date "1989.05.??"]
[Round "3"]
[White "Santolini, Luigi"]
[Black "Karner, Hillar"]
[WhiteElo "2235"]
[BlackElo "2365"]
[Result "1/2-1/2"]
[PlyCount "85"]
[EventDate "1989.05.01"]

1. d4 Nf6 2. c4 e6 3. Nf3 Bb4+ 4. Bd2 Qe7 5. a3 Bxd2+ 6. Qxd2 O-O 7. Nc3 d6 8.
e4 e5 9. dxe5 dxe5 10. Nd5 Qd8 11. Bd3 c6 12. Ne3 Nbd7 13. b4 b6 14. O-O Bb7
15. Qc3 Re8 16. c5 bxc5 17. Nf5 cxb4 18. axb4 Qc7 19. Rfd1 g6 20. Ne3 c5 21.
Qc4 a5 22. Rxa5 Rxa5 23. bxa5 Qxa5 24. Ng5 Re7 25. Rb1 Bc6 26. Qb3 Kg7 27. Nc4
Qa8 28. Nd6 h6 29. Ngxf7 Nxe4 30. Bxe4 Bxe4 31. Rd1 Nf6 32. Nxe5 Bxg2 33. Qg3
Be4 34. Nxg6 Nh5 35. Qg4 Bf3 36. Qf5 Bh1 37. Qg4 Qf3 38. Qxf3 Bxf3 39. Nxe7
Bxd1 40. Nef5+ Kg6 41. Ne3 Bf3 42. Ndc4 Kg5 43. Ne5 1/2-1/2

[Event "Match Venezia-Tallin"]
[Site "Venezia ITA"]
[Date "1989.05.??"]
[Round "3"]
[White "Veingold, Aleksandr"]
[Black "Perinelli, Paolo"]
[WhiteElo "2435"]
[BlackElo "2160"]
[Result "1-0"]
[PlyCount "73"]
[EventDate "1989.05.01"]

1. d4 Nf6 2. Nf3 d6 3. c4 Nbd7 4. Nc3 e5 5. e4 Be7 6. Be2 O-O 7. O-O Re8 8. Qc2
c6 9. Rd1 Qc7 10. Rb1 a6 11. b4 Nf8 12. a4 Bg4 13. a5 Bxf3 14. Bxf3 exd4 15.
Rxd4 c5 16. Nd5 Nxd5 17. cxd5 Nd7 18. Bf4 Bf6 19. Rc4 Be5 20. Bxe5 Nxe5 21. Rc3
Rac8 22. Be2 Qe7 23. g3 g6 24. bxc5 dxc5 25. f4 Nd7 26. Rxb7 c4 27. Rxc4 Rxc4
28. Qxc4 Qc5+ 29. Qxc5 Nxc5 30. Rc7 Rxe4 31. Kf2 Nb3 32. d6 Rd4 33. d7 Kg7 34.
Bxa6 Nxa5 35. Bb5 Kf6 36. Ra7 Nb3 37. Ra8 1-0

[Event "Match Venezia-Tallin"]
[Site "Venezia ITA"]
[Date "1989.05.??"]
[Round "4"]
[White "Kiik, Kalle"]
[Black "Simoli, Sergio"]
[WhiteElo "2395"]
[BlackElo "2225"]
[Result "0-1"]
[PlyCount "72"]
[EventDate "1989.05.01"]

1. e4 c5 2. Nf3 e6 3. b3 Nf6 4. e5 Nd5 5. Bb2 Be7 6. Nc3 O-O 7. Nxd5 exd5 8.
Be2 Nc6 9. O-O d6 10. exd6 Qxd6 11. d4 b6 12. c4 dxc4 13. Bxc4 Rd8 14. Ne5 Nxe5
15. dxe5 Qg6 16. Qf3 Bf5 17. Rad1 h5 18. h3 Rab8 19. a4 Bc2 20. Rc1 Bd3 21.
Rfd1 Bxc4 22. bxc4 Bg5 23. Rxd8+ Rxd8 24. Re1 Rd3 25. Qa8+ Kh7 26. e6 fxe6 27.
Qxa7 Rb3 28. Be5 Bh6 29. Kh2 Qf5 30. Bg3 Bf4 31. Qb7 h4 32. Bxf4 Qxf4+ 33. Kg1
Qxc4 34. Re4 Qc1+ 35. Kh2 Qg5 36. a5 Qg3+ 0-1

[Event "Match Venezia-Tallin"]
[Site "Venezia ITA"]
[Date "1989.05.??"]
[Round "4"]
[White "Pastres, Roberto"]
[Black "Karner, Hillar"]
[WhiteElo "2025"]
[BlackElo "2365"]
[Result "0-1"]
[PlyCount "116"]
[EventDate "1989.05.01"]

1. e4 d6 2. d4 Nf6 3. Nc3 g6 4. f4 Bg7 5. Nf3 O-O 6. Be2 c5 7. dxc5 Qa5 8. O-O
Qxc5+ 9. Kh1 a6 10. Bd3 Nbd7 11. Qe1 e5 12. Be3 Qc7 13. Qh4 b5 14. f5 Bb7 15.
Bh6 b4 16. fxg6 hxg6 17. Nd5 Bxd5 18. exd5 e4 19. Bxg7 Kxg7 20. Bxe4 Rh8 21.
Qf4 Nh5 22. Qg5 Ndf6 23. Bd3 Qc5 24. Nh4 Qxd5 25. Rf5 Qe6 26. Raf1 Raf8 27.
Rxf6 Nxf6 28. Nxg6 Rh5 29. Nxf8+ Rxg5 30. Nxe6+ fxe6 31. Bxa6 e5 32. Bb7 e4 33.
Re1 Ra5 34. h3 d5 35. g4 Ra7 36. Bxd5 Nxd5 37. Rxe4 Rxa2 38. Rd4 Ra5 39. c4 Ne7
40. Rd7 Kf6 41. Rb7 Nc6 42. Rb5 Ke6 43. g5 Ra1+ 44. Kh2 Rc1 45. Rc5 Ne5 46. Kg3
Rxc4 47. Rxc4 Nxc4 48. Kf3 Nxb2 49. Ke2 Nc4 50. Kd1 Ne3+ 51. Kc1 Nf5 52. Kb2
Kd5 53. Kb3 Kc5 54. g6 Ng7 55. Kb2 Kc4 56. Kc2 b3+ 57. Kb2 Nh5 58. h4 Kb4 0-1

[Event "Match Venezia-Tallin"]
[Site "Venezia ITA"]
[Date "1989.05.??"]
[Round "4"]
[White "Perinelli, Paolo"]
[Black "Iym, Tonu"]
[WhiteElo "2160"]
[BlackElo "2405"]
[Result "1/2-1/2"]
[PlyCount "41"]
[EventDate "1989.05.01"]

1. d4 Nf6 2. Nf3 e6 3. Bg5 Be7 4. Nbd2 d5 5. e3 O-O 6. Bd3 b6 7. Ne5 Bb7 8. O-O
c5 9. c3 Nbd7 10. f4 Ne4 11. Bxe7 Qxe7 12. Nxd7 Qxd7 13. Qe2 Rad8 14. Nxe4 dxe4
15. Bb5 Qc7 16. dxc5 Qxc5 17. Rfd1 g5 18. fxg5 Qxg5 19. Bc4 Bc6 20. Qf2 b5 21.
Be2 1/2-1/2

[Event "Match Venezia-Tallin"]
[Site "Venezia ITA"]
[Date "1989.05.??"]
[Round "4"]
[White "Rosino, Antonio"]
[Black "Pokhla, Garry A."]
[WhiteElo "2320"]
[BlackElo "2320"]
[Result "1/2-1/2"]
[PlyCount "86"]
[EventDate "1989.05.01"]

1. e4 c5 2. c3 d5 3. exd5 Qxd5 4. d4 e6 5. Nf3 Nf6 6. Na3 Qd8 7. Nc2 Nc6 8. Bg5
Be7 9. dxc5 Qxd1+ 10. Rxd1 Bxc5 11. Bb5 Bd7 12. Bxf6 gxf6 13. Ncd4 Nxd4 14.
Bxd7+ Kxd7 15. Nxd4 Rad8 16. Nb3+ Kc6 17. Nxc5 Kxc5 18. b3 Rxd1+ 19. Kxd1 Rg8
20. g3 h5 21. Ke2 Kd6 22. Rd1+ Ke7 23. Rd4 Rg5 24. Rb4 b6 25. Ra4 a5 26. Rc4
Re5+ 27. Kd3 Rd5+ 28. Rd4 Rf5 29. Ke3 Rc5 30. c4 Re5+ 31. Re4 Rf5 32. a3 Rg5
33. b4 Rf5 34. f4 axb4 35. axb4 b5 36. cxb5 Rxb5 37. Kd3 Kd6 38. Kc4 Kc6 39.
Rd4 Rb8 40. Rd3 Rc8 41. Rd2 h4 42. b5+ Kb6+ 43. Kb4 Rg8 1/2-1/2

[Event "Match Venezia-Tallin"]
[Site "Venezia ITA"]
[Date "1989.05.??"]
[Round "4"]
[White "Veingold, Aleksandr"]
[Black "Santolini, Luigi"]
[WhiteElo "2435"]
[BlackElo "2235"]
[Result "1/2-1/2"]
[PlyCount "38"]
[EventDate "1989.05.01"]

1. d4 d5 2. Nf3 e6 3. g3 f5 4. Bg2 Nf6 5. O-O Be7 6. c4 c6 7. Qc2 O-O 8. Nbd2
Ne4 9. Ne5 Nd7 10. Nd3 Bf6 11. Nf3 Qe8 12. b3 Kh8 13. Ba3 Be7 14. Bxe7 Qxe7 15.
Nfe5 Nxe5 16. Nxe5 Bd7 17. c5 Be8 18. b4 a6 19. a4 Nf6 1/2-1/2